000
00311nam a2200133Ia 4500
100
_a
Eary/D.F & Reed/E.A
942
_c
BK
654
_a
Sheet Metal
245
_a
Techniques of Pressworking Sheet Metal 2nd ended
260
_b
Prentice-hall
_a
London
_c
1974
300
_a
596
546
_a
ENGLISH
999
_c
26475
_d
26475